000 00611nam a2200229Ia 4500
003 OSt
005 20220924151921.0
006 a|||||r|||| 00| 0
007 ta
008 220923b |||||||| |||| 00| 0 mar d
024 _a339898
037 _cTextual
040 _aARTS
_cARTS
_bmar
041 _2mar
_amar
082 _aO155,2M43:g, G5
100 _aLele Yashwant Gangadhar
_9225276
245 0 _aSamagra kirloskar granth
260 _c1935
650 _aMARATHI LITERATURE
_938000
942 _hO155,2M43:g, G5
_cTEXL
_2CC
999 _c468061
_d468061